[Event "TOP 16 2010"]
[Site "Guingamp"]
[Date "2010.06.06"]
[Round "11.1"]
[White "Sumets, Andrey"]
[Black "Bellaiche, Anthony"]
[Result "1-0"]
[WhiteElo "2614"]
[BlackElo "2442"]
[PlyCount "95"]
[EventDate "6.??.??"]
[WhiteTeam "Lyon Olympique Echecs"]
[BlackTeam "Deauville"]

1. d4 Nf6 2. c4 e6 3. Nc3 Bb4 4. Qc2 O-O 5. a3 Bxc3+ 6. Qxc3 d5 7. Nf3 dxc4 8.
Qxc4 b6 9. g3 Ba6 10. Qc2 Nbd7 11. Bg2 c5 12. b4 Bb7 13. dxc5 bxc5 14. O-O Rc8
15. Qb2 c4 16. Qd4 Qb6 17. Bb2 Bd5 18. Rac1 Qb7 19. Rfd1 Rfe8 20. Ne1 Bxg2 21.
Nxg2 e5 22. Qh4 Nb6 23. Ne3 Na4 24. Ba1 c3 25. Nf5 Ne4 26. Qg4 g6 27. Rd7 Rc7
28. Rxc7 Qxc7 29. Qxe4 gxf5 30. Qxf5 Qc6 31. Qg4+ Kh8 32. b5 Qxb5 33. Bxc3 Nxc3
34. Rxc3 Qb1+ 35. Kg2 Qb7+ 36. e4 Qe7 37. h4 Qe6 38. Qxe6 Rxe6 39. Rc7 Ra6 40.
Rxf7 Rxa3 41. Re7 Ra5 42. h5 h6 43. Kf3 Kg8 44. Kg4 Kf8 45. Rh7 Ra2 46. f3 Ra6
47. Kf5 Ra3 48. f4 1-0

[Event "TOP 16 2010"]
[Site "Guingamp"]
[Date "2010.06.06"]
[Round "11.2"]
[White "Tirard, Hugo"]
[Black "Doncea, Vladimir"]
[Result "1/2-1/2"]
[WhiteElo "2447"]
[BlackElo "2465"]
[PlyCount "81"]
[EventDate "6.??.??"]
[WhiteTeam "Deauville"]
[BlackTeam "Lyon Olympique Echecs"]

1. e4 c5 2. Nf3 e6 3. d4 cxd4 4. Nxd4 a6 5. Bd3 Bc5 6. Nb3 Be7 7. Nc3 d6 8. O-O
Nf6 9. f4 Qc7 10. Qf3 Nc6 11. Bd2 O-O 12. Rae1 Nb4 13. e5 Nxd3 14. cxd3 dxe5
15. fxe5 Nd5 16. Qg3 Kh8 17. Nxd5 exd5 18. Rc1 Qd8 19. Ba5 b6 20. Bc3 Bc5+ 21.
Bd4 Bxd4+ 22. Nxd4 Be6 23. Nxe6 fxe6 24. Rxf8+ Qxf8 25. Rc7 h6 26. h3 Rc8 27.
Qf3 Qe8 28. Rb7 b5 29. Kh2 Rb8 30. Ra7 Ra8 31. Qf7 Qxf7 32. Rxf7 Rc8 33. Rd7
Rc2 34. Rd6 a5 35. Rxe6 Rxb2 36. Rd6 Rxa2 37. Rxd5 b4 38. Rb5 Rd2 39. e6 Re2
40. Rxa5 Rxe6 41. Rb5 1/2-1/2

[Event "TOP 16 2010"]
[Site "Guingamp"]
[Date "2010.06.06"]
[Round "11.4"]
[White "Houska, Jovanka"]
[Black "Alonso Moyano, Jonathan"]
[Result "1-0"]
[WhiteElo "2417"]
[BlackElo "2399"]
[PlyCount "103"]
[EventDate "6.??.??"]
[WhiteTeam "Deauville"]
[BlackTeam "Lyon Olympique Echecs"]

1. d4 f5 2. g3 Nf6 3. Bg2 g6 4. Nf3 Bg7 5. O-O O-O 6. c4 d6 7. Nc3 c6 8. d5 Bd7
9. Rb1 Na6 10. b3 Qe8 11. Bb2 h6 12. Nd4 Rc8 13. e3 Nc5 14. a3 e5 15. dxe6 Bxe6
16. Nxe6 Qxe6 17. Ne2 Rcd8 18. b4 Nce4 19. Qc2 Rfe8 20. Rbd1 Qf7 21. Rd3 Kh7
22. h3 Qe7 23. Rfd1 Rd7 24. Nc3 Qe6 25. Ne2 Red8 26. h4 Nxf2 27. Nf4 Qe8 28.
Qxf2 Ng4 29. Qd2 Bxb2 30. Qxb2 Nxe3 31. Re1 Nxc4 32. Qc3 Ne5 33. h5 gxh5 34.
Rde3 Qf7 35. Nd3 Ng4 36. Re6 h4 37. gxh4 Rg8 38. Qd2 Qh5 39. Re7+ Rxe7 40.
Rxe7+ Rg7 41. Qe1 Ne5 42. Rxg7+ Kxg7 43. Nxe5 dxe5 44. Qxe5+ Kf7 45. Qd4 Qe2
46. Qf4 Kg6 47. Bf3 Qe1+ 48. Kg2 Qa1 49. h5+ Kg7 50. Qxf5 Qb2+ 51. Kg3 Qc1 52.
Qe5+ 1-0

[Event "TOP 16 2010"]
[Site "Guingamp"]
[Date "2010.06.06"]
[Round "11.5"]
[White "Benitah, Yohan"]
[Black "Geenen, Marc"]
[Result "1-0"]
[WhiteElo "2385"]
[BlackElo "2300"]
[PlyCount "97"]
[EventDate "6.??.??"]
[WhiteTeam "Lyon Olympique Echecs"]
[BlackTeam "Deauville"]

1. d4 d5 2. c4 c6 3. Nf3 Nf6 4. Nc3 dxc4 5. a4 Bf5 6. Ne5 Nbd7 7. Nxc4 Qc7 8.
Qd2 Ne4 9. Qf4 Qxf4 10. Bxf4 Nb6 11. Ne3 e6 12. Nxf5 exf5 13. f3 Bd6 14. Bc1
Nxc3 15. bxc3 f4 16. Kf2 Nc4 17. g3 g5 18. Bh3 O-O 19. gxf4 gxf4 20. Bf5 Rae8
21. Rb1 Re7 22. Bd3 Ne3 23. Bd2 c5 24. a5 Rd8 25. Rhg1+ Kh8 26. Rb5 a6 27. Rb6
Nd5 28. Rbb1 cxd4 29. cxd4 Bb8 30. Rbc1 Ba7 31. Rc4 b5 32. axb6 Nxb6 33. Rc6
Nd5 34. Rc4 Nb6 35. Rc6 Nd5 36. Rg5 Bxd4+ 37. Ke1 f6 38. Ba5 fxg5 39. Bxd8 Re5
40. Rc4 Bb6 41. Bxb6 Nxb6 42. Rc6 Nd7 43. Rc8+ Kg7 44. Rc7 Re7 45. Bf5 Kf6 46.
Rxd7 Rxd7 47. Bxd7 Ke5 48. Kd2 Kd4 49. h3 1-0

[Event "TOP 16 2010"]
[Site "Guingamp"]
[Date "6.06.06"]
[Round "11.6"]
[White "Fruteau, Sabine"]
[Black "Vernay, Clovis"]
[Result "0-1"]
[WhiteElo "2125"]
[BlackElo "2442"]
[PlyCount "76"]
[EventDate "6.??.??"]
[WhiteTeam "Deauville"]
[BlackTeam "Lyon Olympique Echecs"]

1. e4 e6 2. d4 d5 3. Nc3 Bb4 4. Qd3 dxe4 5. Qxe4 Nf6 6. Qh4 Bd7 7. Bg5 Bc6 8.
Nf3 Bxf3 9. gxf3 Nc6 10. O-O-O Be7 11. Bb5 a6 12. Bxc6+ bxc6 13. Ne4 Nd7 14.
Bxe7 Qxe7 15. Qg3 f5 16. Ng5 Nf8 17. f4 h6 18. Nf3 Nd7 19. Rhg1 O-O 20. Rde1
Rf7 21. Qh3 Kh8 22. Nh4 Nf8 23. Re3 Qd6 24. Ng6+ Nxg6 25. Rxg6 Qxf4 26. Rgxe6
Qxd4 27. c3 Qd7 28. Qf3 Rd8 29. Qe2 Qd5 30. Re8+ Rxe8 31. Rxe8+ Kh7 32. f4 Qxa2
33. h4 Qa1+ 34. Kc2 Qa4+ 35. Kb1 Qxf4 36. h5 Qg4 37. Qh2 Rd7 38. Kc2 Qd1# 0-1

[Event "TOP 16 2010"]
[Site "Guingamp"]
[Date "2010.06.06"]
[Round "11.7"]
[White "Renaze, Luc"]
[Black "Canonne, Antoine"]
[Result "1-0"]
[WhiteElo "2298"]
[BlackElo "2020"]
[PlyCount "85"]
[EventDate "6.??.??"]
[WhiteTeam "Lyon Olympique Echecs"]
[BlackTeam "Deauville"]

1. d4 Nc6 2. d5 Ne5 3. f4 Ng6 4. Nf3 e6 5. c4 Bb4+ 6. Nc3 Nf6 7. g3 Ne4 8. Qb3
a5 9. Nd2 Bxc3 10. bxc3 Nc5 11. Qc2 d6 12. Nb3 Qf6 13. Nxc5 dxc5 14. Bg2 Ra6
15. O-O exd5 16. cxd5 O-O 17. e4 Re8 18. Rb1 Rb6 19. Rxb6 Qxb6 20. c4 Qd6 21.
e5 Qd7 22. Bb2 Qg4 23. Qc3 b6 24. e6 f6 25. h3 Qh5 26. Kh2 Re7 27. Bf3 Qh6 28.
Bg4 Re8 29. Bc1 f5 30. Bxf5 Ne7 31. Be4 Rf8 32. f5 Qf6 33. Qc2 Ba6 34. Bb2 Qh6
35. Qc3 Nc8 36. Rf4 Nd6 37. Bd3 Qf6 38. Qc2 Qh6 39. f6 gxf6 40. Rg4+ Kh8 41.
Bc1 Qh5 42. Rh4 Qf3 43. Bxh7 1-0

[Event "TOP 16 2010"]
[Site "Guingamp"]
[Date "2010.06.06"]
[Round "11.8"]
[White "Basic, Bosko"]
[Black "Batteau, Valerie"]
[Result "1-0"]
[WhiteElo "2067"]
[BlackElo "1906"]
[PlyCount "103"]
[EventDate "6.??.??"]
[WhiteTeam "Deauville"]
[BlackTeam "Lyon Olympique Echecs"]

1. Nf3 c5 2. c4 Nf6 3. g3 Nc6 4. Bg2 g6 5. O-O Bg7 6. Nc3 O-O 7. d3 a6 8. Bg5
d6 9. Qd2 Bd7 10. Bh6 Rb8 11. Bxg7 Kxg7 12. Ng5 b5 13. b3 Nd4 14. e3 Ne6 15. h4
h6 16. Nge4 Ne8 17. Qb2 Kh7 18. Qc2 Kg8 19. Nd5 N8c7 20. Nec3 Nxd5 21. Nxd5 Nc7
22. Nf4 Ne6 23. Ne2 Qb6 24. Rab1 Nc7 25. Qd2 Kh7 26. f4 e6 27. Kh2 Bc6 28. e4
d5 29. f5 dxe4 30. fxg6+ fxg6 31. Bxe4 Bxe4 32. dxe4 Rbd8 33. Qc3 Qd6 34. e5
Qe7 35. Nf4 Rd4 36. h5 Qg5 37. hxg6+ Kg7 38. Qf3 Rf5 39. Nxe6+ Nxe6 40. Qxf5
Rd2+ 41. Kh3 Qxf5+ 42. Rxf5 Ng5+ 43. Kg4 Re2 44. Rd1 Kxg6 45. Rf6+ Kg7 46. Rd7+
Kg8 47. Rxh6 Nf7 48. Rg6+ Kf8 49. Rf6 bxc4 50. Rfxf7+ Ke8 51. Rde7+ Kd8 52. Ra7
1-0

[Event "TOP 16 2010"]
[Site "Guingamp"]
[Date "2010.06.06"]
[Round "11.1"]
[White "Rozentalis, Eduardas"]
[Black "Komarov, Dimitri"]
[Result "1-0"]
[WhiteElo "2618"]
[BlackElo "2521"]
[PlyCount "123"]
[EventDate "6.??.??"]
[WhiteTeam "Strasbourg"]
[BlackTeam "Drancy"]

1. e4 c5 2. Nf3 Nc6 3. Bb5 g6 4. O-O Bg7 5. Re1 e5 6. c3 Nge7 7. a3 O-O 8. b4
d5 9. bxc5 dxe4 10. Ng5 Qd5 11. Nxe4 Bf5 12. d3 Bxe4 13. dxe4 Qxc5 14. a4 Na5
15. Ba3 Qc7 16. Bd6 Qd8 17. Ra2 a6 18. Bf1 Re8 19. Rd2 Qc8 20. Bb4 Nec6 21. Na3
Bf8 22. Bxf8 Rxf8 23. Rd5 Rd8 24. Qf3 Kg7 25. Nc2 Qc7 26. Ne3 Ne7 27. Rxd8 Rxd8
28. h4 h5 29. g4 hxg4 30. Nxg4 Ng8 31. Qg3 Nf6 32. Nxf6 Kxf6 33. Qg5+ Kg7 34.
h5 Qd6 35. Be2 Qd2 36. Qxe5+ f6 37. Qe7+ Kh6 38. Kf1 Qd6 39. Qf7 gxh5 40. Rd1
Qh2 41. Qxf6+ Kh7 42. Qf5+ Kh6 43. Qxh5+ Qxh5 44. Bxh5 Rc8 45. Rd5 Nb3 46. Bd1
Rxc3 47. Bxb3 Rxb3 48. a5 Rb4 49. Re5 Kg6 50. Ke2 Kf6 51. Rf5+ Ke6 52. Ke3 Kd6
53. Rd5+ Kc6 54. f4 Rb3+ 55. Kd4 b5 56. axb6 Kxb6 57. f5 Rf3 58. Ke5 a5 59. f6
a4 60. Ke6 a3 61. f7 a2 62. Rd1 1-0

[Event "TOP 16 2010"]
[Site "Guingamp"]
[Date "2010.06.06"]
[Round "11.2"]
[White "Todorov, Todor"]
[Black "Vaisser, Anatoly"]
[Result "1/2-1/2"]
[WhiteElo "2494"]
[BlackElo "2507"]
[PlyCount "83"]
[EventDate "6.??.??"]
[WhiteTeam "Drancy"]
[BlackTeam "Strasbourg"]

1. e4 e6 2. d4 d5 3. exd5 exd5 4. Bd3 Bd6 5. Qf3 c6 6. Bf4 Bxf4 7. Qxf4 Qf6 8.
Ne2 Qxf4 9. Nxf4 Ne7 10. Kd2 Nd7 11. Nc3 Nf6 12. Rae1 Kd8 13. h4 Re8 14. f3 Ng6
15. Rxe8+ Kxe8 16. Nfe2 Nf8 17. Nd1 Ne6 18. Ne3 Kf8 19. g4 Bd7 20. c3 Re8 21.
Ng2 h6 22. Bc2 g6 23. Nef4 Kg7 24. Nd3 Re7 25. Re1 Kf8 26. Ne5 Be8 27. f4 Ng7
28. Rf1 Ne4+ 29. Bxe4 dxe4 30. f5 gxf5 31. gxf5 f6 32. Ng4 Bh5 33. Nxf6 Bf3 34.
Ne3 Rf7 35. Nfg4 Bxg4 36. Nxg4 Rxf5 37. Ke2 Rxf1 38. Kxf1 Nf5 39. h5 Ke7 40.
Ke2 Ke6 41. b3 b5 42. Kd2 1/2-1/2

[Event "TOP 16 2010"]
[Site "Guingamp"]
[Date "2010.06.06"]
[Round "11.3"]
[White "Doettling, Fabian"]
[Black "Lazarev, Vladimir"]
[Result "1-0"]
[WhiteElo "2571"]
[BlackElo "2463"]
[PlyCount "93"]
[EventDate "6.??.??"]
[WhiteTeam "Strasbourg"]
[BlackTeam "Drancy"]

1. d4 Nf6 2. Nf3 d5 3. c4 e6 4. Nc3 Bb4 5. Bg5 h6 6. Bxf6 Qxf6 7. e3 O-O 8. Qb3
c5 9. cxd5 exd5 10. dxc5 Bxc3+ 11. Qxc3 Qxc3+ 12. bxc3 Be6 13. Bb5 Rc8 14. Kd2
Rxc5 15. Nd4 Rc7 16. Rhb1 Nd7 17. Bxd7 Bxd7 18. a4 Kf8 19. a5 Ke7 20. Rb4 Kd8
21. h4 g5 22. hxg5 hxg5 23. Rab1 Rc5 24. Nb3 Rc7 25. Rd4 Rac8 26. Rxd5 Rxc3 27.
Rxg5 Rc2+ 28. Ke1 Ke7 29. Nd4 Rc1+ 30. Rxc1 Rxc1+ 31. Kd2 Ra1 32. e4 Ra2+ 33.
Ke3 b6 34. axb6 axb6 35. Rg8 Ra3+ 36. Kf4 Ra4 37. Nf5+ Kf6 38. g4 Bxf5 39. gxf5
Rb4 40. f3 Ke7 41. Kg5 Rb1 42. f6+ Kd7 43. Kf5 Rh1 44. e5 b5 45. e6+ fxe6+ 46.
Ke4 Rh4+ 47. Ke3 1-0

[Event "TOP 16 2010"]
[Site "Guingamp"]
[Date "2010.06.06"]
[Round "11.5"]
[White "Roos, Daniel"]
[Black "Legky, Nikolay A"]
[Result "1/2-1/2"]
[WhiteElo "2426"]
[BlackElo "2429"]
[PlyCount "62"]
[EventDate "6.??.??"]
[WhiteTeam "Strasbourg"]
[BlackTeam "Drancy"]

1. Nf3 c5 2. g3 b5 3. Bg2 Bb7 4. O-O Nf6 5. c3 e6 6. d3 d6 7. e4 Nbd7 8. Qe2
Rb8 9. Nbd2 Be7 10. b3 O-O 11. Bb2 e5 12. d4 Re8 13. dxe5 dxe5 14. c4 bxc4 15.
Nxe5 cxb3 16. axb3 Ra8 17. Ndc4 Nxe5 18. Bxe5 Qd7 19. Rfd1 Qe6 20. f4 Bf8 21.
Nd6 Bxd6 22. Rxd6 Qxb3 23. Rxf6 Rxe5 24. fxe5 gxf6 25. exf6 Kh8 26. e5 Bxg2 27.
Kxg2 Qd5+ 28. Qf3 Qd2+ 29. Qf2 Qd5+ 30. Qf3 Qd2+ 31. Qf2 Qd5+ 1/2-1/2

[Event "TOP 16 2010"]
[Site "Guingamp"]
[Date "2010.06.06"]
[Round "11.6"]
[White "Bijaoui, Manuel"]
[Black "Reinhart, Emmanuel"]
[Result "0-1"]
[WhiteElo "2413"]
[BlackElo "2329"]
[PlyCount "93"]
[EventDate "6.??.??"]
[WhiteTeam "Drancy"]
[BlackTeam "Strasbourg"]

1. e4 c6 2. d4 d5 3. Nd2 dxe4 4. Nxe4 Bf5 5. Ng3 Bg6 6. h4 h6 7. Nf3 Nd7 8. h5
Bh7 9. Bd3 Bxd3 10. Qxd3 e6 11. Bf4 Qa5+ 12. Bd2 Bb4 13. c3 Be7 14. c4 Qc7 15.
O-O-O Ngf6 16. Rde1 b5 17. c5 O-O 18. Ne2 Rfd8 19. Qc2 Ng4 20. Nf4 Nf8 21. Nd3
f5 22. Kb1 a5 23. Re2 Nf6 24. Nf4 Ne4 25. Be3 Bf6 26. Rg1 Qf7 27. g4 Ng5 28.
Ne5 Bxe5 29. dxe5 Nf3 30. Rg3 fxg4 31. Rxg4 Nd4 32. Bxd4 Rxd4 33. Re4 Rad8 34.
a3 Rd2 35. Qc3 Rxf2 36. Qe3 Rf1+ 37. Kc2 Rdd1 38. Nd3 Qxh5 39. Qg3 g5 40. Ref4
Qg6 41. Rf6 Rxf6 42. Kxd1 Rf7 43. Ke2 Qh5 44. Qg2 Ng6 45. Ke1 Nh4 46. Qe4 Nf3+
47. Kd1 0-1

[Event "TOP 16 2010"]
[Site "Guingamp"]
[Date "2010.06.06"]
[Round "11.7"]
[White "Roos, Jean-Luc"]
[Black "Karr, Jean-Philippe"]
[Result "1/2-1/2"]
[WhiteElo "2257"]
[BlackElo "2378"]
[PlyCount "94"]
[EventDate "6.??.??"]
[WhiteTeam "Strasbourg"]
[BlackTeam "Drancy"]

1. e4 c5 2. Nf3 Nc6 3. d4 cxd4 4. Nxd4 Nf6 5. Nc3 e5 6. Ndb5 d6 7. Bg5 a6 8.
Na3 b5 9. Bxf6 gxf6 10. Nd5 f5 11. exf5 Bxf5 12. c3 Bg7 13. Nc2 O-O 14. Nce3
Be6 15. g3 f5 16. f4 e4 17. Bg2 b4 18. O-O bxc3 19. bxc3 Ne7 20. g4 Nxd5 21.
Nxd5 Qa5 22. Ne7+ Kf7 23. Nxf5 Bxf5 24. gxf5 d5 25. Rb1 Kg8 26. Rb7 Rab8 27.
Rxb8 Rxb8 28. f6 Bxf6 29. Bh3 Kh8 30. Kh1 Qxc3 31. Bf5 Qc7 32. Qxd5 e3 33. Qe6
Qe7 34. Re1 Qxe6 35. Bxe6 Bd4 36. Re2 Kg7 37. Kg2 Kf6 38. Bc4 a5 39. Kf3 Bc5
40. Rc2 h6 41. Bd3 Rc8 42. a4 Rc7 43. Be4 Bd6 44. Rxc7 Bxc7 45. Kxe3 Bd6 46. h3
Bc7 47. Bd3 Bd6 1/2-1/2

[Event "TOP 16 2010"]
[Site "Guingamp"]
[Date "2010.06.06"]
[Round "11.8"]
[White "Lefevre, Margaux"]
[Black "Nicoara, Malina"]
[Result "1/2-1/2"]
[WhiteElo "2023"]
[BlackElo "2149"]
[PlyCount "82"]
[EventDate "6.??.??"]
[WhiteTeam "Drancy"]
[BlackTeam "Strasbourg"]

1. e4 c5 2. Nf3 Nc6 3. d4 cxd4 4. Nxd4 g6 5. c4 Nf6 6. Nc3 d6 7. Be2 Nxd4 8.
Qxd4 Bg7 9. Be3 O-O 10. Qd1 Be6 11. Rc1 Qa5 12. O-O Rfc8 13. b3 a6 14. Qd2 Nd7
15. Nd5 Qxd2 16. Bxd2 Bxd5 17. exd5 a5 18. Rfe1 Kf8 19. Bg4 f5 20. Bd1 Rc7 21.
f4 Nc5 22. Bc2 b6 23. Be3 Rb7 24. Bxc5 bxc5 25. a4 Bd4+ 26. Kf1 Rab8 27. Rb1
Kf7 28. Re6 h5 29. Ke2 Bf6 30. Kf3 Rh8 31. Rbe1 Rbb8 32. Rb1 Rh6 33. Rbe1 h4
34. R1e2 Rhh8 35. Re1 Rb7 36. Rb1 Rbb8 37. Rbe1 Rb6 38. Rb1 Rg8 39. Bd3 Rgb8
40. Bc2 R6b7 41. Ke2 Rg8 1/2-1/2